Tài liệu luyện thi chứng chỉ B môn tiếng Anh Biên soạn theo hướng dẫn thi của Bộ GD - ĐT
v..v..
Đã lưu trong:
| Tác giả chính: | |
|---|---|
| Định dạng: | Sách |
| Năm xuất bản: |
Tp. Hồ Chí Minh
Tp. Hồ Chí Minh
2000
|
| Phiên bản: | In lần thứ 6 có sửa chữa và bổ sung |
| Chủ đề: | |
| Tags: |
Thêm thẻ
Không có thẻ, Hãy là người đầu tiên gắn thẻ bản ghi này!
|
| LEADER | 01299nam a2200241 4500 | ||
|---|---|---|---|
| 082 | |a 420.76 |b TR120V | ||
| 100 | |a TRẦN VĂN HẢI | ||
| 245 | |a Tài liệu luyện thi chứng chỉ B môn tiếng Anh |c Trần Văn Hải |b Biên soạn theo hướng dẫn thi của Bộ GD - ĐT | ||
| 250 | |a In lần thứ 6 có sửa chữa và bổ sung | ||
| 260 | |a Tp. Hồ Chí Minh |b Tp. Hồ Chí Minh |c 2000 | ||
| 300 | |a 140 tr. |c 20 cm | ||
| 520 | |a v..v.. | ||
| 653 | |a Ngôn ngữ | ||
| 653 | |a Tiếng Anh | ||
| 653 | |a Luyện thi | ||
| 653 | |a Chứng chỉ | ||
| 910 | |c Chi | ||
| 942 | |2 ddc |c STK0 | ||
| 999 | |c 2314 |d 2314 | ||
| 952 | |0 0 |1 0 |2 ddc |4 0 |6 420_076000000000000_TR120V |7 1 |8 400 |9 31031 |a qbu |b qbu |c D4 |d 2014-12-13 |g 12000 |o 420.076 TR120V |p 2256.C1 |r 0000-00-00 |w 2014-12-13 |y STK0 | ||
| 952 | |0 0 |1 0 |2 ddc |4 0 |6 420_076000000000000_TR120V |7 0 |8 400 |9 31032 |a qbu |b qbu |c D4 |d 2014-12-13 |g 12000 |l 1 |o 420.076 TR120V |p 2256.C2 |r 2018-05-28 |s 2018-05-25 |w 2014-12-13 |y STK0 | ||
| 952 | |0 0 |1 0 |2 ddc |4 0 |6 420_076000000000000_TR120V |7 0 |8 400 |9 31033 |a qbu |b qbu |c D4 |d 2014-12-13 |g 12000 |l 7 |m 2 |o 420.076 TR120V |p 2256.C3 |r 2020-10-26 |s 2020-10-09 |w 2014-12-13 |y STK0 | ||
| 952 | |0 0 |1 0 |2 ddc |4 0 |6 420_076000000000000_TR120V |7 0 |8 400 |9 31034 |a qbu |b qbu |c D4 |d 2014-12-13 |g 12000 |l 2 |m 2 |o 420.076 TR120V |p 2256.C4 |r 2016-11-25 |s 2016-11-11 |w 2014-12-13 |y STK0 | ||